[Event "POL-ch U17 Qual"]
[Site "Jastrzebia Gora"]
[Date "2021.11.21"]
[Round "9"]
[White "Wolcyrz, Jakub"]
[Black "Labedz, Dawid"]
[Result "1-0"]
[WhiteElo "1350"]
[BlackElo "1542"]
[PlyCount "115"]
[EventDate "2021.11.15"]
[EventType "swiss"]
[EventRounds "9"]
[EventCountry "POL"]
[SourceTitle "EXT 2023"]
[Source "ChessBase"]
[SourceDate "2022.10.05"]
[SourceVersion "1"]
[SourceVersionDate "2022.10.05"]
[SourceQuality "1"]

1. Nf3 c5 2. e3 Nf6 3. c4 d5 4. d4 e6 5. Nc3 dxc4 6. Bxc4 Nc6 7. 0-0 a6 8. a4 b6 9. d5 exd5 10. Nxd5 Be7 11. Re1 Bg4 12. Nxe7 Qxe7 13. h3 Be6 14. Qe2 Bxc4 15. Qxc4 Qe4 16. Qxe4+ Nxe4 17. Nd2 Nd6 18. Nf3 Ne4 19. Bd2 Nxd2 20. Nxd2 0-0-0 21. Nc4 Kc7 22. Rec1 Nb4 23. Rc3 a5 24. Na3 Rd2 25. Nc4 Rd7 26. Kf1 f6 27. Ke2 Rhd8 28. g4 g6 29. h4 Rd5 30. Rg1 g5 31. hxg5 fxg5 32. Rh1 R8d7 33. Rh6 Nc6 34. Rb3 Nb4 35. Rxb6 Rd2+ 36. Nxd2 Kxb6 37. Ne4 h6 38. Rc3 Rc7 39. Rc1 Rc6 40. b3 Nd5 41. Ng3 Ne7 42. f3 Kc7 43. Ne4 Kb6 44. Kf2 Nd5 45. Rd1 Nb4 46. f4 gxf4 47. exf4 c4 48. bxc4 Rxc4 49. Kf3 Nc2 50. g5 hxg5 51. fxg5 Rxa4 52. g6 Ra3+ 53. Kf4 Ne3 54. Rd6+ Kc7 55. g7 Ng2+ 56. Ke5 Nh4 57. g8Q Nf3+ 58. Kf4 1-0

[Event "POL-ch U17 Qual"]
[Site "Jastrzebia Gora"]
[Date "2021.11.17"]
[Round "4"]
[White "Szafranski, Maciej"]
[Black "Wolcyrz, Jakub"]
[Result "1/2-1/2"]
[WhiteElo "1596"]
[BlackElo "1350"]
[PlyCount "61"]
[EventDate "2021.11.15"]
[EventType "swiss"]
[EventRounds "9"]
[EventCountry "POL"]
[SourceTitle "EXT 2023"]
[Source "ChessBase"]
[SourceDate "2022.10.05"]
[SourceVersion "1"]
[SourceVersionDate "2022.10.05"]
[SourceQuality "1"]

1. c4 Nf6 2. d3 g6 3. Nf3 Bg7 4. g3 0-0 5. Bg2 d6 6. 0-0 e5 7. Nc3 Nc6 8. a3 Nh5 9. e3 f5 10. Ne2 g5 11. d4 f4 12. exf4 exf4 13. Ne1 Bg4 14. h3 Bd7 15. g4 Nf6 16. Nf3 h6 17. Nc3 Re8 18. b4 Ne4 19. Nxe4 Rxe4 20. Bb2 Re7 21. Qd2 Qf8 22. b5 Nd8 23. Rfe1 Ne6 24. Rab1 Rae8 25. a4 Bf6 26. Nh2 Qg7 27. Nf3 b6 28. Red1 Qg6 29. Bf1 Bc8 30. Bg2 h5 31. Nh2 1/2-1/2